| 000 | 00869 a2200253 4500 | ||
|---|---|---|---|
| 003 | Nust | ||
| 005 | 20170207154008.0 | ||
| 010 | _a 2001034319 | ||
| 020 | _a0201730391 | ||
| 040 | _cNust | ||
| 082 | 0 | 0 | _a005.1/17 |
| 100 | 1 | _aRosenberg, Doug. | |
| 245 | 1 | 0 |
_aApplying use case driven object modeling with UML -(EBOOK) _ban anotated e-commerce example / _cDoug Rosenberg and Kendall Scott. |
| 260 |
_aBoston : _bAddison-Wesley, _cc2001. |
||
| 300 |
_axiv, 153 p. : _bill. (some col.) ; _c26 cm. |
||
| 440 | 0 | _aAddison-Wesley object technology series | |
| 505 | _aPart I: The UML -F profile (Page-7) Part II: UML-F @ work (Page-196) | ||
| 650 | 0 | _aElectronic commerce. | |
| 650 | 0 | _aObject-oriented methods (Computer science) | |
| 650 | 0 | _aUML (Computer science) | |
| 650 | 0 | _aUse cases (Systems engineering) | |
| 651 | _aEBOOK | ||
| 700 | 1 |
_aScott, Kendall, _d1960- |
|
| 942 |
_2ddc _cBK |
||
| 999 |
_c191088 _d191088 |
||